00365 a2200121 4500020001500000082001400015100001500029245005500044250000800099260011100107300000900218500001600227 a8125901809 a658.15032 aK K Sharma aFinancial Administration in GovernmentcK K Sharma a1st aNew DelhibVikas Publishing House & Lal Bahadur Shastri National Academy of Administration Mussooriec1996 a186p aPaper Cover